El viejo, el venado y el coyote : estética y cosmogonía : hacia una arquetipología de los mitos de creación y del origen de las artes en el noroeste de México /

Obra sobre mitología indígena y etnología del arte en la región del noroeste de México, a través del análisis de los personajes arquetípicos que representan la creación del mundo en las culturas indígenas yumana, yoreme, yaqui, tarahumara, seris, guajira, pápaga y pima.

Na minha lista:
Detalhes bibliográficos
Autor principal: Olmos Aguilera, Miguel (autor)
Formato: Livro
Idioma:espanhol
Publicado em: Tijuana, México : México : El Colegio de la Frontera Norte ; Fondo Regional para la Cultura y las Artes del Noroeste, 2005, c2005
Assuntos:
Tags: Adicionar Tag
Sem tags, seja o primeiro a adicionar uma tag!

MARC

LEADER 00000nam^a2200000^a^4500
001 000189080
005 20250521000000.0
009 20260310102401.083
020 |a 968-7947-32-2 
037 |a Acervo ITESO - Biblioteca 
041 |a ESP 
082 |a 306. 08997072  |b OLM 
100 |a Olmos Aguilera, Miguel  |e (autor) 
245 1 3 |a El viejo, el venado y el coyote :  |b estética y cosmogonía : hacia una arquetipología de los mitos de creación y del origen de las artes en el noroeste de México /  |c M. Olmos Aguilera. 
264 4 |a Tijuana, México :  |b El Colegio de la Frontera Norte ;  |a México :  |b Fondo Regional para la Cultura y las Artes del Noroeste,  |c 2005, c2005 
300 |a 330 p. 
336 |a texto  |b txt  |2 rdacontenido 
337 |a sin mediación  |b n  |2 rdamedio 
338 |a volumen  |b nc  |2 rdasoporte 
520 |a Obra sobre mitología indígena y etnología del arte en la región del noroeste de México, a través del análisis de los personajes arquetípicos que representan la creación del mundo en las culturas indígenas yumana, yoreme, yaqui, tarahumara, seris, guajira, pápaga y pima. 
649 |a XX 
650 |a Indígenas de México -  |x Condiciones Sociales y Culturales 
650 |a Arquetipos 
650 |a Mitología Mexicana 
650 |a Cosmogonía -  |z México (Región Noroeste) -  |x Tema Principal 
650 |a Cosmogonía -  |z México 
650 |a Etnología -  |z México (Región Noroeste) 
650 |a Etnología -  |z México 
650 |a Antropología Cultural -  |z México (Región Noroeste) 
650 |a Antropología Cultural -  |z México 
910 |a Fondo General 
920 |a Impresos - Libros 
930 |a Colección General 
905 |a 101 
901 |a 0500132142  |b IT1  |c ACC  |u 20250521 
902 |a https://opac.biblio.iteso.mx/vufind/Record/000189080